00652nam a2200193Ia 4500003000400000005001700004008004100021020002900062040001700091082002000108100002400128245012500152260002900277300001700306650003700323650004000360700003300400700002500433IIN20250521131039.0231217s2019 xx ad 000 0 eng d cRs.295.00a9788194075622 aIINbEnglish a362.10425 bSAH1 aSaha, Tushar Kanti 1 aComprehensive Manual of Community Medicine Practical/cTushar Kanti Saha, Sharmistha Bhattacherjee and Abhijit Mukherjee aNew DelhibTaureanc2019 a192 p.bill.1 aCommunity Health NursingvManual1 aCommunity health servicesvMedicine1 aBhattacherjee , Sharmistha 1 aMukherjee, Abhijit